Los siete personajes del periodismo (Record no. 184293)

MARC details
000 -LEADER
campo de control de longitud fija 01273nam a2200265 i 4500
001 - NÚMERO DE CONTROL
campo de control 184293
003 - IDENTIFICADOR DE NÚMERO DE CONTROL
campo de control ES-MaACL
005 - FECHA Y HORA DE LA ÚLTIMA TRANSACCIÓN
campo de control 20240530105117.0
008 - DATOS DE LONGITUD FIJA--INFORMACIÓN GENERAL
campo de control de longitud fija 150612s2012 xxuaco |||| |dspa d
020 ## - NÚMERO INTERNACIONAL ESTÁNDAR DEL LIBRO
Número Internacional Estándar del Libro 978-0-9850961-0-6
080 ## - NÚMERO DE LA CLASIFICACIÓN DECIMAL UNIVERSAL
Número de la Clasificación Decimal Universal 821.134.2(82)-5"20"
100 1# - ENTRADA PRINCIPAL--NOMBRE DE PERSONA
Nombre de persona Covarrubias, Jorge Ignacio.
9 (RLIN) 157014
245 14 - MENCIÓN DEL TÍTULO
Título Los siete personajes del periodismo
Resto del título : discurso de recepción como Académico de Número /
Mención de responsabilidad, etc. D. Jorge Ignacio Covarrubias ; contestación de D. Gerardo Piña-Rosales ; presentación de D. Eugenio Chang-Rodríguez.
246 3# - FORMA VARIANTE DEL TITULO
Título propio/Titulo breve Discurso de recepción como Académico de Número en la Academia Norteamericana de la Lengua Española y Correspondiente de la Real Academia Española de D. Jorge Ignacio Covarrubias
260 ## - PUBLICACIÓN, DISTRIBUCIÓN, ETC.
Lugar de publicación, distribución, etc. Nueva York :
Nombre del editor, distribuidor, etc. ANLE,
Fecha de publicación, distribución, etc. 2012.
300 ## - DESCRIPCIÓN FÍSICA
Extensión 109 p. :
Otras características físicas il, fot. ;
Dimensiones 22 cm.
700 1# - ENTRADA AGREGADA--NOMBRE PERSONAL
Nombre de persona Piña Rosales, Gerardo,
Fechas asociadas al nombre 1948-
9 (RLIN) 154084
700 1# - ENTRADA AGREGADA--NOMBRE PERSONAL
Nombre de persona Chang-Rodríguez, Eugenio.
9 (RLIN) 37971
710 2# - ENTRADA AGREGADA--NOMBRE DE ENTIDAD CORPORATIVA
Nombre de entidad corporativa o nombre de jurisdicción como elemento de entrada Academia Norteamericana de la Lengua Española.
9 (RLIN) 1215
852 ## - LOCALIZACIÓN
Ubicación ES-MaACL
Número de control de estantería A-13537
itemnumber 191289
Sublocalización o colección R.150815
Ubicación en estantería Depósito 1
Signatura antigua Olim: N-6537
Donativo/Legado Donacion: Real Academia Española
914 ## - NOMBRE ENTIDAD DE DONANTE
RLIN 6336
Nombre de congreso/reunión o jurisdicción como elemento de entrada Real Academia Española
Unidad subordinada Donante
942 ## - ELEMENTOS DE ENTRADA SECUNDARIOS (KOHA)
Fuente del sistema de clasificación o colocación Clasificación decimal universal
Tipo de ítem Koha Libro impreso
Holdings
Estatus retirado Estado de pérdida Fuente del sistema de clasificación o colocación Estado de daño No para préstamo Biblioteca de origen Biblioteca actual Ubicación en estantería Fecha de adquisición Fuente de adquisición Total de préstamos Signatura topográfica completa Código de barras Visto por última vez Precio de reemplazo Tipo de ítem Koha
    Clasificación decimal universal     Biblioteca del Ateneo de Madrid Biblioteca del Ateneo de Madrid Depósito 1 12/06/2015 Donación   A-13537 1193876 23/02/2023 23/02/2023 Libro impreso